000 00615nam a2200181 a 4500
005 20210223130259.0
008 070924s1977 mx r 000 0 spa d
035 _aUPN01000152227
049 _aCG
050 4 _aLB775 M3.4
_bM3.2
100 1 _aMakarenko, Anton Semenovich,
_d1888-1939
245 1 3 _aLa colectividad y la educación de la personalidad /
_cA. Makarenko ; comp. V. Kumarin ; tr. Castul Pérez.
260 _aMoscú :
_bProgreso,
_c1977.
300 _a311 p.
600 1 4 _aMAKARENKO, ANTON SEMENOVICH,
_d1888-1939 -
_vCOLECCIONES DE ESCRITOS
_915566
700 1 _aKumarin, V.,
_ecomp.
905 _aLibro
999 _c124350
_d124350